Normal view MARC view
  • ZAMBRANO, MARIA,

Entry Nombre Personal

Number of records used in: 3

001 - NUMERO DE CONTROL

  • campo de control: 12056

003 - IDENTIFICADOR DE NUMERO DE CONTROL

  • campo de control: UPN

005 - FECHA Y HORA DE LA ÜLTIMA TRANSACCIÓN

  • campo de control: 20210219193801.0

008 - DATOS DE LONGITUD FIJA

  • campo de control de longitud fija: nabaccnnaabn|||||||||| b |nc|||||d

035 ## - NUMERO DE CONTROL

  • Número de control: UPN10000012063

040 ## - FUENTE DE CATALOGACIÓN

  • Lenguaje de catalogación: SPA
  • Agencia de transcripción: UPN

100 1# - ENCABEZAMIENTO - NOMBRE PERSONAL

  • Nombre personal: ZAMBRANO, MARIA,
  • Fechas asociadas con el nombre: 1907-1991

400 1# - VEÁSE - NOMBRE DE PERSONA

  • Personal name: Zambrano Alarcón, María,
  • Dates associated with a name: 1904-1991

670 ## - FUENTE EN LA QUE SE LOCALIZARON DATOS

  • Cita de la fuente: T
  • Información localizada: Salvat Universal

902 ## - CATALOGADOR

  • Catalogador: MEEG/110509